[Event "Faxe Dags op"]
[Site "Faxe"]
[Date "2017.05.24"]
[Round "7"]
[White "Nielsen, Henning Sogaard"]
[Black "Alic, Ohran"]
[Result "1/2-1/2"]
[WhiteElo "1272"]
[BlackElo "1754"]
[PlyCount "113"]
[EventDate "2017.04.05"]
[EventType "swiss"]
[EventRounds "7"]
[EventCountry "DEN"]
[SourceTitle "EXT 2021"]
[Source "ChessBase"]
[SourceDate "2020.10.23"]
[SourceVersion "1"]
[SourceVersionDate "2020.10.23"]
[SourceQuality "1"]

1. d4 d5 2. Nf3 Nf6 3. c4 e6 4. a3 c5 5. e3 b6 6. Bd2 Nc6 7. Bc3 Ne4 8. Qc2 Nxc3 9. Qxc3 cxd4 10. Nxd4 Nxd4 11. Qxd4 dxc4 12. Qxc4 Bd7 13. Be2 Rc8 14. Qd3 Rc1+ 15. Bd1 Ba4 16. Qxd8+ Kxd8 17. Kd2 Rxd1+ 18. Rxd1 Bxd1 19. Kxd1 Bd6 20. g3 Be5 21. Ra2 Ke7 22. Nd2 Rd8 23. Ke2 Rc8 24. b3 b5 25. a4 b4 26. a5 a6 27. Nc4 Bc3 28. Nb6 Rc6 29. Na4 Be5 30. Kd1 Bc7 31. Rc2 Rxc2 32. Kxc2 Kd6 33. Nb2 Kc5 34. Nc4 Kb5 35. Kd3 Kc5 36. f4 f5 37. h3 h5 38. h4 g6 39. e4 Kb5 40. e5 Bxa5 41. Nxa5 Kxa5 42. Kc4 Kb6 43. Kxb4 a5+ 44. Kc4 Kc6 45. b4 a4 46. b5+ Kb6 47. Kb4 a3 48. Kxa3 Kxb5 49. Kb3 Kc5 50. Kc3 Kb5 51. Kb3 Kc5 52. Kc3 Kd5 53. Kd3 Kc5 54. Kc3 Kb5 55. Kb3 Kc5 56. Kc3 Kb5 57. Kb3 1/2-1/2

[Event "Faxe Dags op"]
[Site "Faxe"]
[Date "2016.05.17"]
[Round "7"]
[White "Adrian, Michael"]
[Black "Nielsen, Henning Sogaard"]
[Result "1-0"]
[WhiteElo "1621"]
[BlackElo "1341"]
[PlyCount "81"]
[EventDate "2016.03.30"]
[EventType "swiss"]
[EventRounds "7"]
[EventCountry "DEN"]
[SourceTitle "EXT 2021"]
[Source "ChessBase"]
[SourceDate "2020.10.23"]
[SourceVersion "1"]
[SourceVersionDate "2020.10.23"]
[SourceQuality "1"]

1. e4 e5 2. Nf3 Nc6 3. d4 Bb4+ 4. c3 Ba5 5. d5 Nce7 6. Nxe5 d6 7. Nf3 Nf6 8. Qa4+ Bd7 9. Qxa5 Nxe4 10. Bd3 b6 11. Qb4 Nf6 12. c4 c6 13. dxc6 Bxc6 14. 0-0 0-0 15. Nd4 Qc8 16. Bg5 Qg4 17. Nxc6 Nxc6 18. Qd2 Qd4 19. Qc3 Nd7 20. Qxd4 Nxd4 21. Nc3 Nc5 22. Rad1 Nde6 23. Be3 Nc7 24. Bf4 Rad8 25. Be4 Rfe8 26. f3 Nxe4 27. Nxe4 Na6 28. Bxd6 Rc8 29. b3 Re6 30. Ba3 Rec6 31. Rd7 Ra8 32. Rfd1 h6 33. Re7 Rc7 34. Rdd7 Rxd7 35. Rxd7 Nc5 36. Nxc5 bxc5 37. Bxc5 a6 38. Kf2 Rc8 39. Bb6 Rc6 40. c5 a5 41. Ra7 1-0

[Event "Faxe Dags op"]
[Site "Faxe"]
[Date "2016.04.27"]
[Round "5"]
[White "Jacobsen, Knud"]
[Black "Nielsen, Henning Sogaard"]
[Result "0-1"]
[WhiteElo "1038"]
[BlackElo "1341"]
[PlyCount "54"]
[EventDate "2016.03.30"]
[EventType "swiss"]
[EventRounds "7"]
[EventCountry "DEN"]
[SourceTitle "EXT 2021"]
[Source "ChessBase"]
[SourceDate "2020.10.23"]
[SourceVersion "1"]
[SourceVersionDate "2020.10.23"]
[SourceQuality "1"]

1. e4 e5 2. f4 exf4 3. Nf3 Nc6 4. Bc4 Nf6 5. Ng5 Ne5 6. d3 d5 7. exd5 Nxd5 8. Bxd5 Qxg5 9. 0-0 Ng6 10. Nc3 c6 11. Be4 Bf5 12. Bxf5 Qxf5 13. Qe1+ Be7 14. g3 f3 15. Qe3 Ne5 16. Re1 f6 17. d4 b6 18. dxe5 Bc5 19. Qxc5 bxc5 20. exf6+ Kf7 21. Ne4 Rad8 22. Bf4 Rhe8 23. Nd6+ Rxd6 24. Rxe8 Rxf6 25. Rae1 Qxc2 26. R1e7+ Kg6 27. Be5 Qg2# 0-1